Taylor Swift - Stay Stay Stay Lyrics - Statistics

General Stats
  • This quiz has been taken 126 times
  • The average score is 288 of 328
Answer Stats
Answer % Correct
a
100%
I
100%
"Stay
98%
stay
98%
stay"
98%
Stay
98%
we
98%
you
98%
You
98%
think
97%
when
97%
be
95%
fun
95%
I'm
95%
it
95%
it's
95%
It's
95%
So
95%
so
95%
And
93%
and
93%
for
93%
For
93%
mad
93%
said
93%
that
93%
the
93%
time
93%
time,
93%
funny
92%
if
92%
I've
92%
loving
92%
been
90%
But
90%
but
90%
in
90%
some
90%
both
89%
my
89%
My
89%
quite
89%
at
87%
best
87%
last
87%
night
87%
me
85%
up
85%
almost
84%
broke
84%
football
84%
let's
84%
love
84%
talk
84%
talk"
84%
threw
84%
to
84%
across
82%
leave
82%
never
82%
"Okay
82%
phone
82%
room
82%
should
82%
sure
82%
'Cause
80%
fight
80%
helmet
80%
no
80%
No
80%
That's
80%
about
79%
pretty
79%
came
77%
This
77%
wearing
77%
all
75%
All
75%
get
75%
like
75%
on
75%
out
75%
Who
75%
with
75%
I'll
74%
just
74%
stayed
74%
unresolved
74%
away
72%
I'd
72%
is
70%
life
70%
one
70%
turn
70%
was
70%
dramatic
69%
hang
69%
whole
69%
always
67%
else
67%
hanging
67%
took
67%
expecting
66%
gonna
66%
laughing
66%
morning
66%
of
66%
choice
64%
now
64%
because
62%
Before
62%
didn't
62%
have
62%
only
62%
times
62%
dreams
61%
given
61%
memorize
61%
read
61%
dated
59%
fears
59%
hopes
59%
problems
59%
self
59%
those
59%
carry
57%
groceries
57%
takers
57%
occurring
56%
their
56%
indulgent
51%
No matching quizzes found
Score Distribution
Percent of People with Each Score
Percentile by Number Answered
Your Score History
You have not taken this quiz